000 00754nam a22002057a 4500
999 _c14895
_d14895
003 AR-CdUCM
008 190425b ||||| |||| 00| 0 spa d
020 _a978-84-7864-942-6
040 _aMUNICIPALIDAD PROVINCIAL DEL CUSCO
_cBIBLIOTECA MUNICIPAL DEL CUSCO
082 _aPI / 376.1 /
_bC73
_22ed.
110 _aCombel
_932671
245 _aLos vestidos de David /
260 _aBarcelona :
_bCombel,
_c2006..
300 _a20 paginas ;
_bIlustraciones
_c28 cm.
_eVestidos recortables y complementos para recortar y pintar, adhesivos y el escenario del protagonista
650 _aJuegos para niƱas (os)
_933856
650 _aAprende recortando
_933852
650 _arecorta, decora y juega
_933857
942 _2ddc
_cLIBROS
945 _awnts
_d2019-04-25